Detalles MARC
| 000 -LIDER |
| fixed length control field |
01312nam a22003737a 4500 |
| 001 - NÚMERO DE CONTROL |
| Identificador de número de control |
000748 |
| 003 - IDENTIFICACDOR DE NÚMERO DE CONTROL |
| control field |
DO-SdBPM |
| 005 - DATE AND TIME OF LATEST TRANSACTION |
| control field |
20260209093411.0 |
| 007 - CAMPOS FIJOS DE DESCRIPCIÓN FÍSICA |
| fixed length control field |
000748 |
| 008 - ELEMENTOS DE LONGITUD FIJA |
| fixed length control field |
161125b1994 sp a ||||| |||| 00| 0 spa d |
| 020 ## - ISBN |
| International Standard Book Number |
8434827719 |
| 040 ## - FUENTE DE CATALOGACIÓN |
| Agencia que crea de manera original el registro |
DO-SdBPM |
| Idioma de catalogación |
spa |
| Agencia que realiza la transcripción |
BPMSU |
| Convenciones de la despripción |
rda |
| 041 17 - CÓDIGOS DE OBRAS TRADUCIDAS O EN VARIOS IDIOMAS |
| Código del idioma del texto/archivo de sonido o separata |
spa |
| Cód. del idioma original y/o traducciones intermedias del texto |
eng |
| 082 #4 - NÚMERO DE CLASIFICACIÓN DECIMAL DE DEWEY |
| Classification number |
833.91 |
| Item number |
P943s 1994 |
| Edition number |
22 |
| 100 1# - ASIENTO PRINCIPAL -- NOMBRE PERSONAL |
| Nombre personal |
Preussler, Otfried, |
| Fechas asociadas con el nombre |
1923-2013. |
| Mención de responsabilidad |
autor |
| Término de relación |
aut. |
| 245 13 - MENCIÓN DE TITULO |
| Título |
El señor Klingsor / |
| Mención de responsabilidad |
El señor Klingsor / Otfried Preussler ; traducción del alemán, Marinella Terzi ; ilustraciones, Dietrich Lange. |
| 250 ## - MENCIÓN DE EDICION |
| Mención de edición |
4ª ed. |
| 260 ## - PUBLICACIÓN, DISTRIBUCIÓN, ETC. (PIE DE IMPRENTA) |
| Lugar de publicación, distribución, etc |
Madrid : |
| Nombre del editor, distribuidor, etc. |
SM, |
| Fecha de publicación, distribución, etc |
1994. |
| 300 ## - DESCRIPCIÓN FÍSICA |
| Extensión |
111 p. : |
| Otros detalles físicos |
il. ; |
| Dimensiones |
19 cm. |
| 490 0# - MENCIÓN DE SERIES |
| Mención de serie |
El barco de vapor, |
| Volume/sequential designation |
60 |
| 500 ## - NOTA GENERAL |
| Nota general |
A partir de 9 años. |
| 500 ## - NOTA GENERAL |
| Nota general |
Incluye datos del autor |
| 534 ## - NOTA SOBRE LA VERSIÓN ORIGINAL |
| Frase introductoria |
Título original. |
| Mención del título original |
Herr Klingsor konnte ein bisschen zaubern. |
| 586 ## - AWARDS NOTE |
| Awards note |
$tHerr Klingsor konnte ein bisschen zaubern. |
| 590 ## - NOTA LOCAL |
| Texto de la nota local |
Inventariado, 2026/VM |
| 650 #7 - ENCABEZAMIENTO DE MATERIA--TEMÁTICO |
| Término temático o nombre geográfico como elemento de entrada |
Cuentos infantiles alemanes |
| 650 #7 - ENCABEZAMIENTO DE MATERIA--TEMÁTICO |
| Término temático o nombre geográfico como elemento de entrada |
Escuela |
| Subdivisión de forma |
Cuentos infantiles. |
| 650 #4 - ENCABEZAMIENTO DE MATERIA--TEMÁTICO |
| Término temático o nombre geográfico como elemento de entrada |
Maestros |
| Subdivisión de forma |
Cuentos infantiles. |
| 650 #4 - ENCABEZAMIENTO DE MATERIA--TEMÁTICO |
| Término temático o nombre geográfico como elemento de entrada |
Magia |
| Subdivisión de forma |
Cuentos infantiles. |
| 700 1# - ASIENTO SECUNDARIO -- NOMBRE PERSONAL |
| Nombre personal |
Terzi, Marinella, |
| Fechas asociadas con el nombre |
1958- |
| Mención de responsabilidad |
traductor |
| 700 1# - ASIENTO SECUNDARIO -- NOMBRE PERSONAL |
| Nombre personal |
Lange, Dietrich, |
| Mención de responsabilidad |
ilustraciones |
| 910 ## - VALIDACIÓN |
| Validación |
VMateo V. Control de calidad. BPMSU |
| 942 ## - ADDED ENTRY ELEMENTS (KOHA) |
| Source of classification or shelving scheme |
Dewey Decimal Classification |
| Koha item type |
Libros |